[Event "Kranj op 2nd"]
[Site "Kranj"]
[Date "2005.07.02"]
[Round "5"]
[White "Ravnik, Franc"]
[Black "Kozamernik, Janez"]
[Result "0-1"]
[WhiteElo "1980"]
[BlackElo "2188"]
[PlyCount "102"]
[EventDate "2005.06.??"]
[EventType "swiss"]
[EventRounds "9"]
[EventCountry "SLO"]
[SourceTitle "EXT 2006"]
[Source "ChessBase"]
[SourceDate "2005.11.24"]
[SourceVersion "1"]
[SourceVersionDate "2005.11.24"]
[SourceQuality "1"]

1. e4 e6 2. d4 d5 3. Nc3 Nf6 4. e5 Nfd7 5. f4 c5 6. Be3 Nc6 7. Nf3 a6 8. Be2 b5 9. Qd2 Qb6 10. 0-0 cxd4 11. Nxd4 Bc5 12. Rad1 0-0 13. Rf3 Nxd4 14. Bxd4 Bb7 15. Kh1 Rac8 16. Rh3 Bxd4 17. Qxd4 b4 18. Qxb6 Nxb6 19. Bd3 h6 20. Ne2 Na4 21. Nd4 Nxb2 22. Rb1 Nxd3 23. Rxd3 a5 24. f5 Ba6 25. Rg3 Rc4 26. Rd1 Re8 27. h4 exf5 28. Nxf5 Rxe5 29. Nxg7 Rxh4+ 30. Kg1 Rg5 31. Rxg5 hxg5 32. Nf5 Rc4 33. Rxd5 Rxc2 34. Rxa5 Bb7 35. Ne3 Re2 36. Rxg5+ Kf8 37. Rb5 Bc6 38. Rb8+ Kg7 39. Nf5+ Kf6 40. Nd4 Rxg2+ 41. Kf1 Bd5 42. Rxb4 Rxa2 43. Nb5 Bg2+ 44. Kg1 Kg5 45. Nc3 Rc2 46. Rc4 f5 47. Rc8 Kg4 48. Rc5 f4 49. Kh2 Bb7+ 50. Kg1 f3 51. Rc4+ Kg3 0-1

[Event "SLO Cup"]
[Site "Gostovanja"]
[Date "2005.05.16"]
[Round "1"]
[White "Kozamernik, Janez"]
[Black "Vesel, Mark"]
[Result "1-0"]
[WhiteElo "2188"]
[BlackElo "1873"]
[PlyCount "54"]
[EventDate "2005.05.16"]
[EventType "team"]
[EventRounds "4"]
[EventCountry "SLO"]
[SourceTitle "EXT 2009"]
[Source "ChessBase"]
[SourceDate "2008.11.26"]
[SourceVersion "1"]
[SourceVersionDate "2008.11.26"]
[SourceQuality "1"]
[WhiteTeam "Gorenjka Lesce"]
[BlackTeam "Kocevje"]
[WhiteTeamCountry "SLO"]
[BlackTeamCountry "SLO"]

1. e4 c5 2. Nf3 d6 3. d4 cxd4 4. Nxd4 Nf6 5. Nc3 a6 6. Bg5 e6 7. f4 Qb6 8. Qd2 Qxb2 9. Rb1 Qa3 10. Bxf6 gxf6 11. Be2 Nc6 12. Nxc6 bxc6 13. 0-0 Be7 14. Rb3 Qa5 15. Kh1 Bd7 16. Qe3 Bd8 17. Qg3 Bc7 18. Qg7 Ke7 19. e5 dxe5 20. Ne4 Rhf8 21. Qxf6+ Ke8 22. Qg5 exf4 23. Nf6+ Kd8 24. Qxa5 Bxa5 25. Rd1 Ra7 26. Nxd7 Rxd7 27. Rb8+ Ke7 1-0

[Event "Ljubljana op 15th"]
[Site "Ljubljana"]
[Date "2004.07.13"]
[Round "5"]
[White "Kozamernik, Janez"]
[Black "Marszalek, Rafal"]
[Result "1-0"]
[WhiteElo "2158"]
[BlackElo "2209"]
[PlyCount "121"]
[EventDate "2004.07.10"]
[EventType "swiss"]
[EventRounds "9"]
[EventCountry "SLO"]
[SourceTitle "CBM 101 Extra"]
[Source "ChessBase"]
[SourceDate "2004.09.01"]
[SourceVersion "2"]
[SourceVersionDate "2004.09.01"]
[SourceQuality "1"]

1. e4 e6 2. d4 d5 3. Nc3 Bb4 4. e5 c5 5. a3 Bxc3+ 6. bxc3 Qc7 7. Qg4 f5 8. Qg3 cxd4 9. cxd4 Ne7 10. Bd2 0-0 11. Bd3 b6 12. Ne2 Ba6 13. Bxa6 Nxa6 14. Qd3 Qc4 15. Qxc4 dxc4 16. Bb4 Nxb4 17. axb4 Nd5 18. c3 a5 19. bxa5 Rxa5 20. Rxa5 bxa5 21. Kd2 f4 22. Ra1 Ra8 23. Kc2 a4 24. Ng1 h6 25. Nf3 a3 26. Nd2 Ra4 27. Ne4 Kf7 28. Ra2 Ke7 29. Nd2 Nc7 30. Nb1 Nb5 31. Kd2 Kd7 32. Ke2 Kc6 33. Kf3 Kd5 34. Kxf4 Ra8 35. Ke3 g5 36. f3 h5 37. g3 Ra7 38. f4 g4 39. f5 exf5 40. Kf4 Ke6 41. Kg5 Rh7 42. Nd2 Kd5 43. Nb1 Ke6 44. Ra1 Ra7 45. Ra2 Rh7 46. Kf4 Rf7 47. Nd2 Nxc3 48. Rxa3 Nd5+ 49. Kg5 c3 50. Ra6+ Ke7 51. Nb3 Rg7+ 52. Kxf5 Ne3+ 53. Ke4 Nf1 54. Ra2 Rg6 55. d5 Rb6 56. d6+ Kd7 57. Nd4 Rb7 58. Rf2 Nd2+ 59. Kd5 Nf3 60. e6+ Kd8 61. Rc2 1-0